1129 1410 1731 1612 1620 1691 1495 1353 1245 1549 1840 1521 1079 1790 1380 1554 1203 1799 1468 1984 1438 1070 1411 1497 1947 1012 1947 1020 1314 1973 1750 1203 1489 1888 1413 1045 1546 1784 1540 1613 1326 1272 1159 1298 1103 1166 1797 1807 1372 1243 1564 1636 1405 1066 1700 1432 1305 1297 1998 1938 1866 1954 1474 1948 1453 1631 1479 1127 1686 1830 1874 1411 1966 1644 1303 1063 1687 1831 1777 1007 1969 1247 1906 1332 1569 1978 1423 1622 1096 1352 1849 1569 1432 1697 1177 1437 1343 1593 1058 BCNSPRNW ULIB Ver.6.0+V

เปลี่ยนเป็นภาษาไทย

Change to English
 แสดงรายละเอียดบรรณานุกรม
  กลับหน้าหลัก

Brief Record : Get Marc (ISO 2709) : E-mail record : QR code < ปิดหน้าต่าง
LEADER : 00000nam 2200000uu 4500
001    13399109388
003     ULIB
008    110331s2542||||th 000 0 tha d
020    9746761757
060 04 WB100^bก427อ 2542
245 00 อาการวิทยาทางอายุรศาสตร์ =^bSymptomatology in generalmedicine /^cบรรณาธิการ, กาญจนา จันทร์สูง, สุทธิพันธ์ จิตพิมลมาศ, วัชรา บุญสวัสดิ์
246 31 Symptomatology in general medicine
250    ฉบับเรียบเรียงครั้งที่ 2
260    ขอนแก่น :^bคณะแพทยศาสตร์ มหาวิทยาลัยขอนแก่น,^c2542
300    402 หน้า :^bภาพประกอบ
504    บรรณานุกรม
650  7 อายุรศาสตร์^vรวมเรื่อง
700 0  กาญจนา จันทร์สูง,^eบรรณาธิการ
700 0  สุทธิพันธ์ จิตพิมลมาศ,^eบรรณาธิการ
700 0  วัชรา บุญสวัสดิ์,^eบรรณาธิการ
710 2  มหาวิทยาลัยขอนแก่น. ^bคณะแพทยศาสตร์
945    ^p300^l0^i028780
945    ^p300^l0^i028778
995    ทศพร
999 ^a ใช้งานได้ทุกระบบ
รายการนี้ยังไม่มีแท็ก
คุณยังไม่ได้ล็อกอิน คุณสามารถมีกิจกรรมร่วมกับเว็บไซต์ได้ แต่ต้องล็อกอินก่อน ::
  ล็อกอิน

รายการสื่อสารสนเทศ

ลำดับที่ ประเภท เลขเรียก/บาร์โค้ด สถานที่ สถานะ
1. วิทยาศาสตร์การแพทย์ และสุขภาพ
วิทยาศาสตร์การแพทย์ และสุขภาพ
WB100 ก427อ 2542 ฉ.1 
  Barcode: 028778
ห้องสมุดวิทยาเขตนครสวรรค์
►ส่วนจัดเก็บหนังสือเก่า นว.
บนชั้น
  ขอยืม

BibComment


ยังไม่เคยถูกคอมเมนท์

คอมเมนท์ทรัพยากรรายการนี้
  คอมเมนท์: อาการวิทยาทางอายุ..


 Copyright 2026. Bcnsprnw @Library